000 00512 a2200169 4500
999 _c4641
_d4641
010 _aENG-86518
020 _a0143062182
_c275.00
035 _aEN-70051
037 _bDBAD / PUB
082 1 4 _aN
100 1 _aShama Futehally
245 1 _aThe right words :
_cby Shama Futehally
_bselected essays, 1967-2004 /
260 _aNew Delhi
_bPenguin Books India
_c2006
270 _a11, Community Centre, Panchsheel Park
_bNew Delhi
_cWest Bengal
300 _axvi, 303 p.
_c20cm (Pbk)
942 _adpl
_cEN
_2ddc
_hN
_mSHA